BIBLIOTECA PODER JUDICIAL
Portal Judicial TDF

Participación omisiva en el delito de violación. El progenitor que no evita las agresiones sexuales contra su hija / (Registro nro. 5570)

000 -LEADER
fixed length control field 01766nab a22003017a 4500
003 - CONTROL NUMBER IDENTIFIER
control field OSt
005 - DATE AND TIME OF LATEST TRANSACTION
control field 20251218110313.0
008 - FIXED-LENGTH DATA ELEMENTS--GENERAL INFORMATION
fixed length control field 190429b xxu||||| |||| 00| 0 spa d
040 ## - CATALOGING SOURCE
Transcribing agency PJ
245 10 - TITLE STATEMENT
Title Participación omisiva en el delito de violación. El progenitor que no evita las agresiones sexuales contra su hija /
Statement of responsibility, etc Gustavo E. Aboso.
260 ## - PUBLICATION, DISTRIBUTION, ETC. (IMPRINT)
Date of publication, distribution, etc Ciudad Autónoma de Buenos Aires :
Place of publication, distribution, etc Thomson Reuters La Ley,
Name of publisher, distributor, etc 2025.
300 ## - PHYSICAL DESCRIPTION
Extent p. 29-56
500 ## - GENERAL NOTE
General note Cita: TR LALEY AR/DOC/729/2025.
505 ## - FORMATTED CONTENTS NOTE
Formatted contents note Sumario: I. Introducción.— II. Los hechos.— III. El modelo diferenciador en materia de participación criminal y sus consecuencias.— IV. La participación mediante omisión.— V. Elementos constituyentes de la comisión por omisión.— VI. ¿La madre como autora?— VII. La autoría omisiva como infracción de deber.— VIII. Atenuación de la responsabilidad penal desde la perspectiva de la violencia de género.— IX. Conclusiones.
505 ## - FORMATTED CONTENTS NOTE
Title Fallos comentados: CNCrim. y Correc., sala VII ~ 03/10/2024 ~ C. C., E. s/ falta de mérito. Abuso sexual.
505 ## - FORMATTED CONTENTS NOTE
Title Si te interesa el texto completo, solicitalo a koha@justierradelfuego.gov.ar
650 #0 - SUBJECT ADDED ENTRY--TOPICAL TERM
9 (RLIN) 343
Topical term or geographic name as entry element DERECHO PENAL
650 #0 - SUBJECT ADDED ENTRY--TOPICAL TERM
9 (RLIN) 2217
Topical term or geographic name as entry element DELITO DE OMISIÓN
650 #0 - SUBJECT ADDED ENTRY--TOPICAL TERM
9 (RLIN) 6074
Topical term or geographic name as entry element DELITO DE COMISION POR OMISION
650 #0 - SUBJECT ADDED ENTRY--TOPICAL TERM
9 (RLIN) 2902
Topical term or geographic name as entry element DELITOS CONTRA LA INTEGRIDAD SEXUAL
650 #0 - SUBJECT ADDED ENTRY--TOPICAL TERM
9 (RLIN) 4467
Topical term or geographic name as entry element ABUSO SEXUAL CALIFICADO POR ACCESO CARNAL
650 #0 - SUBJECT ADDED ENTRY--TOPICAL TERM
9 (RLIN) 6548
Topical term or geographic name as entry element PARTICIPACION NECESARIA
650 #0 - SUBJECT ADDED ENTRY--TOPICAL TERM
9 (RLIN) 3053
Topical term or geographic name as entry element VIOLENCIA DE GÉNERO
650 #0 - SUBJECT ADDED ENTRY--TOPICAL TERM
9 (RLIN) 2999
Topical term or geographic name as entry element AUTORÍA
650 #0 - SUBJECT ADDED ENTRY--TOPICAL TERM
9 (RLIN) 1468
Topical term or geographic name as entry element RESPONSABILIDAD PENAL
773 0# - HOST ITEM ENTRY
Host Biblionumber 2658
Host Itemnumber 3164
Title Revista de derecho penal y criminología. Nº 4 - Mayo 2025
Place, publisher, and date of publication Ciudad Autónoma de Buenos Aires : Thomson Reuters La Ley, 2017-
International Standard Serial Number 00347914
942 ## - ADDED ENTRY ELEMENTS (KOHA)
Source of classification or shelving scheme
Koha item type Analítica Artículo de Revista

No hay ítems disponibles.

12 de Octubre 789 Ushuaia - Tel:  54(02901)441571
Horario de Atención: 8.00 a 17.00 hs. 
bibliotecaush@justierradelfuego.gov.ar
koha@justierradelfuego.gov.ar
Seguinos en nuestras redes @bibliojustdf 

Con tecnología Koha